000 00447nam a2200181Ia 4500
003 GCL
008 140319s9999 xx 000 0 eng d
040 _aGCL /
_cGCL
082 0 4 _aCH
_b938
_bQ L
100 1 _aQUESNEL, ALAIN
245 1 0 _aLA GRECE: MYTHES ET LEGENDES /
_cQUESNEL, ALAIN
260 _a[S.N] :
_bHACHETTE JEUNESSE ،
_c1991
300 _a46 P
650 0 4 _aCHILDREN
650 0 4 _aHISTORY
650 0 4 _aGREECE
942 _2ddc
_cBK
999 _c13841
_d13841